| 000 | 00788nam a22002412 4500 | ||
|---|---|---|---|
| 001 | 0000020713 | ||
| 005 | 20151217145926.0 | ||
| 008 | 111005s xx 000 0 eng d | ||
| 020 | _a1412911993 : | ||
| 040 |
_aKABU _cKABU |
||
| 100 | 1 |
_aSilvestri, Marisa. _@0000181227 |
|
| 245 | 1 | 0 |
_aGender & crime / _cMarisa Silvestri and Chris Crowther-Dowey. |
| 250 | _a1st ed. | ||
| 260 |
_aLondon : _bSAGE, _c2008. |
||
| 300 | _aix, 262 p. | ||
| 650 | 0 |
_aCrime _xSociological aspects. _@0000181228 |
|
| 650 | 0 |
_aCrime _xSex differences. _@0000181229 |
|
| 650 | 0 |
_aSex discrimination in criminal justice administration. _@0000181230 |
|
| 700 | 1 |
_aCrowther-Dowey, Chris. _@0000181231 |
|
| 852 | 1 | _9p3183.70 KES | |
| 908 | _a111005 | ||
| 950 | _@1 | ||
| 999 |
_c4171 _d4171 |
||